Comparison pf pak choy varieties in prateh lang soil condition; ការប្រៀបធៀបពូជស្ពៃជើងទា ក្នុងលក្ខខណ្ឌដីប្រទះឡាង (Record no. 11545)

000 -LEADER
fixed length control field 00592nam a22001337a 4500
040 ## - CATALOGING SOURCE
Transcribing agency RUA
082 ## - DEWEY DECIMAL CLASSIFICATION NUMBER
Classification number AGR CHI 2016 B556 Or.1
100 ## - MAIN ENTRY--AUTHOR NAME
Personal name CHIM CHANNEATH; ជឹម ចាន់នាថ
245 ## - TITLE STATEMENT
Title Comparison pf pak choy varieties in prateh lang soil condition; ការប្រៀបធៀបពូជស្ពៃជើងទា ក្នុងលក្ខខណ្ឌដីប្រទះឡាង
260 ## - PUBLICATION, DISTRIBUTION, ETC. (IMPRINT)
Place of publication Phnom Penh
Name of publisher RUA
Year of publication 2016
300 ## - PHYSICAL DESCRIPTION
Number of Pages x; 31p;
Other physical details ill;
Dimensions 29cm;
856 ## - ELECTRONIC LOCATION AND ACCESS
Uniform Resource Identifier https://drive.google.com/file/d/1hBYUj2oegD69yILIVjJosJWelqH9Y_yh/view?usp=sharing
942 ## - ADDED ENTRY ELEMENTS (KOHA)
Koha item type AGR
952 ## - LOCATION AND ITEM INFORMATION (KOHA)
Withdrawn status [LOCAL, KOHA] 0
952 ## - LOCATION AND ITEM INFORMATION (KOHA)
Withdrawn status [LOCAL, KOHA] 0
952 ## - LOCATION AND ITEM INFORMATION (KOHA)
Withdrawn status [LOCAL, KOHA] 0
952 ## - LOCATION AND ITEM INFORMATION (KOHA)
Withdrawn status [LOCAL, KOHA] 0
952 ## - LOCATION AND ITEM INFORMATION (KOHA)
Withdrawn status [LOCAL, KOHA] 0
952 ## - LOCATION AND ITEM INFORMATION (KOHA)
Withdrawn status [LOCAL, KOHA] 0
952 ## - LOCATION AND ITEM INFORMATION (KOHA)
Withdrawn status [LOCAL, KOHA] 0
952 ## - LOCATION AND ITEM INFORMATION (KOHA)
Withdrawn status [LOCAL, KOHA] 0
Holdings
Permanent Location Date acquired Koha item type Lost status Shelving location Barcode Current Location Full call number
Library Block B2017-08-03AGR B556A12748Library Block BAGR CHI 2016 B556 Or.1
Library Block B2017-08-03AGR B556A12728Library Block BAGR CHI 2016 B556 Or.2
Library Block B2017-08-03AGR B556A12345Library Block BAGR CHI 2016 B556 Or.3
Library Block B2017-08-03AGR B556A12798Library Block BAGR CHI 2016 B556 Or.4
Library Block B2017-08-03AGR B556A12693Library Block BAGR CHI 2016 B556 Or.5
Library Block B2017-08-03AGR B556A11922Library Block BAGR CHI 2016 B556 Or.6
Library Block B2017-08-03AGR B556A12476Library Block BAGR CHI 2016 B556 Or.7
Library Block B2017-08-03AGR B556A12542Library Block BAGR CHI 2016 B556 Or.8
មជ្ឈមណ្ឌលឯការនៃសាកលវិទ្យាល័យភូមិន្ទកសិកម្មចំការដូង

Powered by Koha